<?xml version="1.0" encoding="UTF-8"?><?xml-stylesheet type="text/xsl" href="static/style.xsl"?><OAI-PMH xmlns="http://www.openarchives.org/OAI/2.0/" xmlns:xsi="http://www.w3.org/2001/XMLSchema-instance" xsi:schemaLocation="http://www.openarchives.org/OAI/2.0/ http://www.openarchives.org/OAI/2.0/OAI-PMH.xsd"><responseDate>2026-04-14T05:29:53Z</responseDate><request verb="GetRecord" identifier="oai:www.recercat.cat:2072/377658" metadataPrefix="marc">https://recercat.cat/oai/request</request><GetRecord><record><header><identifier>oai:recercat.cat:2072/377658</identifier><datestamp>2024-12-20T14:13:39Z</datestamp><setSpec>com_2072_199267</setSpec><setSpec>com_2072_4427</setSpec><setSpec>col_2072_199862</setSpec></header><metadata><record xmlns="http://www.loc.gov/MARC21/slim" xmlns:dcterms="http://purl.org/dc/terms/" xmlns:xsi="http://www.w3.org/2001/XMLSchema-instance" xmlns:doc="http://www.lyncode.com/xoai" xsi:schemaLocation="http://www.loc.gov/MARC21/slim http://www.loc.gov/standards/marcxml/schema/MARC21slim.xsd">
   <leader>00925njm 22002777a 4500</leader>
   <datafield ind2=" " ind1=" " tag="042">
      <subfield code="a">dc</subfield>
   </datafield>
   <datafield ind2=" " ind1=" " tag="720">
      <subfield code="a">Dai, F.</subfield>
      <subfield code="e">author</subfield>
   </datafield>
   <datafield ind2=" " ind1=" " tag="720">
      <subfield code="a">Tikhonov, S.</subfield>
      <subfield code="e">author</subfield>
   </datafield>
   <datafield ind2=" " ind1=" " tag="260">
      <subfield code="c">2013-01-01</subfield>
   </datafield>
   <datafield ind2=" " ind1=" " tag="520">
      <subfield code="a">This paper studies the following weighted, fractional Bernstein inequality for spherical polynomials on $ \sph$ : \begin{equation}\label{4-1-TD-ab} \|(-\Delta_0)^{r/2} f\|_{p,w}\leq C_w n^{r} \|f\|_{p,w}, \ \ \forall f\in \Pi_n^d, \end{equation} where $ \Pi_n^d$ denotes the space of all spherical polynomials of degree at most $ n$ on $ \sph$ , and $ (-\Delta_0)^{r/2}$ is the fractional Laplacian-Beltrami operator on $ \sph$ . A new class of doubling weights with conditions weaker than the $ A_p$ is introduced, and used to fully characterize those doubling weights $ w$ on $ \sph$ for which the weighted Bernstein inequality \eqref{4-1-TD-ab} holds for some $ 1\leq p\leq \infty$ and all $ r>\tau$ . In the unweighted case, it is shown that if $ 0&lt;p&lt;\infty$ and $ r>0$ is not an even integer, then \eqref{4-1-TD-ab} with $ w\equiv 1$ holds if and only if $ r>(d-1)(\f 1p-1)$ . As applications, we show that any function $ f\in L_p(\sph)$ with $ 0&lt;p&lt;1$ can be approximated by the de la Vallée Poussin means of a Fourier-Laplace series, and establish a sharp Sobolev type Embedding theorem for the weighted Besov spaces with respect to general doubling weights.</subfield>
   </datafield>
   <datafield ind1="8" ind2=" " tag="024">
      <subfield code="a">http://hdl.handle.net/2072/377658</subfield>
   </datafield>
   <datafield ind2="0" ind1="0" tag="245">
      <subfield code="a">Weighted Fractional Bernstein'\''s inequalities and their applications</subfield>
   </datafield>
</record></metadata></record></GetRecord></OAI-PMH>